000 00506nam a2200181Ia 4500
008 100920s9999 xx 000 0 und d
082 _b13440
_a17 थ 37
100 _aBEHANAN KOVOOR T.
245 _aYOGA A Scientific Evaluation.
260 _bDOVER PUBLICATIONS,INC, NEW YORK.
_c1937
300 _a270
_bसाधी
365 _b0
520 _aपी.एस.
630 _aYOGA A Scientific Evaluation.
650 _aपी.एस.
730 _aYOGA A Scientific Evaluation.
942 _cBOOK
999 _c677930
_d677927